[Event "Dulles Cherry Blossom op"]
[Site "Dulles"]
[Date "2021.05.27"]
[Round "1"]
[White "Mokriak, Liudmila"]
[Black "Stremavicius, Titas"]
[Result "0-1"]
[WhiteElo "2052"]
[BlackElo "2484"]
[PlyCount "78"]
[EventDate "2021.05.27"]
[EventType "swiss"]
[EventRounds "9"]
[EventCountry "USA"]
[SourceTitle "CBM 203 Extra"]
[Source "ChessBase"]
[SourceDate "2021.09.30"]
[SourceVersion "1"]
[SourceVersionDate "2021.09.30"]
[SourceQuality "1"]

1. d4 f5 2. g3 Nf6 3. Bg2 g6 4. c4 Bg7 5. Nh3 0-0 6. 0-0 e6 7. Nc3 d6 8. f4 c6 9. Nf2 e5 10. dxe5 dxe5 11. fxe5 Nfd7 12. e4 Nxe5 13. Qxd8 Rxd8 14. Bg5 Re8 15. Rae1 Na6 16. exf5 Bxf5 17. Nce4 h6 18. Bc1 Rad8 19. b3 Nb4 20. h3 Ned3 21. Rd1 Nxc1 22. Rxc1 Bd4 23. Kh2 Nxa2 24. Rcd1 Kg7 25. g4 Be6 26. Nd3 Bf7 27. Rd2 Nc3 28. Nxc3 Bxc3 29. Rdf2 Re7 30. Nf4 a5 31. Kh1 Rd2 32. Rxd2 Bxd2 33. Nd3 a4 34. Rd1 Be3 35. bxa4 Bxc4 36. Nb2 Be2 37. Rb1 Bd4 38. a5 Bb5 39. Bf3 Re3 0-1

[Event "North American op 27th"]
[Site "Las Vegas"]
[Date "2017.12.27"]
[Round "3"]
[White "Ghatti, Sanjay"]
[Black "Mokriak, Liudmila"]
[Result "1-0"]
[WhiteElo "2212"]
[BlackElo "2054"]
[PlyCount "67"]
[EventDate "2017.12.26"]
[EventType "swiss"]
[EventRounds "9"]
[EventCountry "USA"]
[SourceTitle "CBM 182 Extra"]
[Source "ChessBase"]
[SourceDate "2018.02.23"]
[SourceVersion "1"]
[SourceVersionDate "2018.02.23"]
[SourceQuality "1"]

1. e4 e6 2. d4 d5 3. Nd2 Nf6 4. e5 Nfd7 5. f4 c5 6. Ngf3 Nc6 7. Nb3 Qb6 8. dxc5 Bxc5 9. Nxc5 Nxc5 10. c3 Ne4 11. Qc2 f5 12. exf6 gxf6 13. Bd3 f5 14. Qe2 Bd7 15. Be3 Qa5 16. Bxe4 fxe4 17. Ng5 h5 18. 0-0 Ke7 19. b4 Qc7 20. Bc5+ Ke8 21. c4 b6 22. cxd5 exd5 23. Qb2 Rg8 24. Qf6 Bg4 25. Be3 Nxb4 26. f5 Qe7 27. Qd4 Kd7 28. a3 Qc5 29. Qxc5 bxc5 30. axb4 d4 31. Nxe4 dxe3 32. Nf6+ Kc6 33. Nxg8 Rxg8 34. Rac1 1-0

[Event "Tulsa Okie Challengers"]
[Site "Tulsa"]
[Date "2008.08.31"]
[Round "3"]
[White "Bantic, Mihail"]
[Black "Mokriak, Liudmila"]
[Result "1-0"]
[WhiteElo "2192"]
[BlackElo "2141"]
[PlyCount "117"]
[EventDate "2008.08.30"]
[EventType "tourn"]
[EventRounds "7"]
[EventCountry "USA"]
[SourceTitle "CBM 126 Extra"]
[Source "ChessBase"]
[SourceDate "2008.11.05"]
[SourceVersion "1"]
[SourceVersionDate "2008.11.05"]
[SourceQuality "1"]

1. d4 d5 2. c4 e6 3. Nc3 Nf6 4. Bg5 Be7 5. e3 0-0 6. cxd5 exd5 7. Bd3 c6 8. Nf3 Bg4 9. Qc2 Nbd7 10. Ne5 h6 11. h3 Be6 12. Bh4 Nxe5 13. dxe5 Nd7 14. Bg3 Nc5 15. Be2 f6 16. 0-0 fxe5 17. Bxe5 Bf5 18. Qd2 Bd6 19. Bxd6 Qxd6 20. Bg4 Bxg4 21. hxg4 Qe6 22. b4 Nd7 23. e4 dxe4 24. Rae1 Nf6 25. g5 Rad8 26. Qc1 hxg5 27. Qxg5 Qc4 28. Ne2 Nh7 29. Qg4 Nf6 30. Qg6 Qf7 31. Qf5 Rd5 32. Qf4 Rb5 33. a3 a5 34. Nc3 Rh5 35. Nxe4 Nxe4 36. Qxf7+ Kxf7 37. Rxe4 Rfh8 38. f3 Rh1+ 39. Kf2 Rxf1+ 40. Kxf1 Rh1+ 41. Kf2 axb4 42. axb4 Rb1 43. g4 Kf6 44. f4 Rb3 45. Rd4 Ke6 46. f5+ Ke5 47. Rd7 Rxb4 48. Rxg7 Rb3 49. Ke2 c5 50. Re7+ Kf6 51. Re6+ Kf7 52. g5 Rg3 53. g6+ Kg7 54. Re7+ Kf6 55. Rf7+ Ke5 56. g7 c4 57. f6 c3 58. Rf8 Rg2+ 59. Kd1 1-0

[Event "Chicago North Am 06th"]
[Site "Chicago"]
[Date "2007.10.30"]
[Round "4"]
[White "Muhammad, Stephen A"]
[Black "Mokriak, Liudmila"]
[Result "1-0"]
[WhiteElo "2384"]
[BlackElo "2174"]
[PlyCount "61"]
[EventDate "2007.10.06"]
[EventType "tourn"]
[EventRounds "9"]
[EventCountry "USA"]
[EventCategory "3"]
[SourceTitle "EXT 2008"]
[Source "ChessBase"]
[SourceDate "2007.11.25"]
[SourceVersion "1"]
[SourceVersionDate "2007.11.25"]
[SourceQuality "1"]

1. d4 d5 2. c4 e6 3. Nc3 Nf6 4. Nf3 Be7 5. cxd5 exd5 6. Bf4 c6 7. Qc2 0-0 8. h3 Re8 9. e3 Nbd7 10. Bd3 Nf8 11. 0-0-0 a5 12. Kb1 b5 13. Ne5 Bb7 14. g4 a4 15. g5 N6d7 16. Nxd7 Qxd7 17. h4 Bb4 18. h5 Bxc3 19. bxc3 c5 20. dxc5 d4 21. cxd4 Bxh1 22. Rxh1 b4 23. g6 b3 24. Qc4 bxa2+ 25. Kxa2 Ne6 26. Be5 Qb7 27. gxh7+ Kh8 28. Rb1 Qf3 29. h6 Qxf2+ 30. Rb2 Qxe3 31. Qxe6 1-0

[Event "Chicago North Am 06th"]
[Site "Chicago"]
[Date "2007.10.28"]
[Round "2"]
[White "Young, Angelo"]
[Black "Mokriak, Liudmila"]
[Result "1/2-1/2"]
[WhiteElo "2376"]
[BlackElo "2174"]
[PlyCount "91"]
[EventDate "2007.10.06"]
[EventType "tourn"]
[EventRounds "9"]
[EventCountry "USA"]
[EventCategory "3"]
[SourceTitle "EXT 2008"]
[Source "ChessBase"]
[SourceDate "2007.11.25"]
[SourceVersion "1"]
[SourceVersionDate "2007.11.25"]
[SourceQuality "1"]

1. d4 d5 2. Nf3 Nf6 3. c4 e6 4. Nc3 Be7 5. cxd5 exd5 6. Qc2 c6 7. Bf4 Bg4 8. Ne5 Bh5 9. e3 Nbd7 10. Bd3 Nxe5 11. dxe5 Nd7 12. e6 Nf6 13. exf7+ Bxf7 14. Be5 Bd6 15. Bd4 Qe7 16. 0-0-0 Be5 17. h3 Bxd4 18. exd4 0-0-0 19. Rhe1 Qc7 20. Re5 Rhe8 21. Rde1 Qb6 22. Bf5+ Kb8 23. Qd2 g6 24. Bc2 Qc7 25. Qg5 Qd6 26. R1e3 Ng8 27. Qh4 h6 28. Qg3 Kc7 29. Rf3 Rf8 30. h4 b6 31. Ne2 c5 32. dxc5 bxc5 33. Nc3 a6 34. h5 g5 35. Bg6 Bxg6 36. Nxd5+ Kb7 37. Rb3+ Ka7 38. hxg6 Rf4 39. Qe3 Rc4+ 40. Rc3 Rd4 41. Ne7 Rd1+ 42. Kc2 Rd2+ 43. Kb1 Rd1+ 44. Kc2 Rd2+ 45. Kb1 Rd1+ 46. Kc2 1/2-1/2

[Event "Tulsa Okie-B"]
[Site "Tulsa"]
[Date "2007.05.28"]
[Round "6"]
[White "Mokriak, Liudmila"]
[Black "Sukharnikov, Leonid O"]
[Result "1-0"]
[WhiteElo "2167"]
[BlackElo "2138"]
[PlyCount "37"]
[EventDate "2007.05.26"]
[EventType "tourn"]
[EventRounds "7"]
[EventCountry "USA"]
[SourceTitle "CBM 118 Extra"]
[Source "ChessBase"]
[SourceDate "2007.07.04"]
[SourceVersion "1"]
[SourceVersionDate "2007.07.04"]
[SourceQuality "1"]

1. d4 Nf6 2. c4 g6 3. Nc3 d6 4. Bf4 Nh5 5. Bg5 h6 6. Bh4 g5 7. Bg3 Bg7 8. e3 Nxg3 9. hxg3 Nd7 10. Nf3 0-0 11. Bd3 e5 12. Qc2 exd4 13. exd4 c5 14. 0-0-0 cxd4 15. Ne4 d5 16. Nexg5 hxg5 17. Bh7+ Kh8 18. Bg8+ Bh6 19. Qh7# 1-0

[Event "Tulsa Okie-B"]
[Site "Tulsa"]
[Date "2007.05.28"]
[Round "7"]
[White "Trammell, George"]
[Black "Mokriak, Liudmila"]
[Result "0-1"]
[WhiteElo "2069"]
[BlackElo "2167"]
[PlyCount "108"]
[EventDate "2007.05.26"]
[EventType "tourn"]
[EventRounds "7"]
[EventCountry "USA"]
[SourceTitle "CBM 118 Extra"]
[Source "ChessBase"]
[SourceDate "2007.07.04"]
[SourceVersion "1"]
[SourceVersionDate "2007.07.04"]
[SourceQuality "1"]

1. e4 e5 2. Nf3 d6 3. d4 exd4 4. Nxd4 Nf6 5. Nc3 Be7 6. Be2 0-0 7. Be3 Re8 8. Qd2 Bf8 9. f3 d5 10. exd5 Nxd5 11. Nxd5 Qxd5 12. c3 c5 13. Nb5 Qc6 14. 0-0 a6 15. Na3 Bf5 16. Rfe1 Nd7 17. Bd3 Bxd3 18. Qxd3 Ne5 19. Qf1 c4 20. Nc2 Nd3 21. Nd4 Qb6 22. Re2 Bc5 23. Kh1 Qg6 24. Bg1 Nf4 25. Rd2 Nd3 26. Re2 h5 27. Rd1 h4 28. b3 b5 29. a4 Nf4 30. Rxe8+ Rxe8 31. axb5 axb5 32. bxc4 bxc4 33. Rd2 Qg5 34. Rb2 Nd3 35. Re2 Ra8 36. Be3 Qg6 37. Bg1 Rb8 38. Re4 Rb2 39. Rxh4 Qg5 40. Rg4 Qd2 41. Qa1 Ra2 42. Qb1 Rb2 43. Qa1 Nf2+ 44. Bxf2 Qxf2 45. Qa8+ Bf8 46. h4 Qe1+ 47. Kh2 Qe5+ 48. Kh3 f5 49. Rg5 Rb1 50. Rxf5 Rh1+ 51. Kg4 Qd6 52. Ne6 Qxe6 53. Qxf8+ Kh7 54. Kg3 Qe1+ 0-1

[Event "North American op 24th"]
[Site "Stillwater"]
[Date "2005.05.29"]
[Round "6"]
[White "Mokriak, Liudmila"]
[Black "Zatonskih, Anna"]
[Result "1/2-1/2"]
[WhiteElo "2177"]
[BlackElo "2435"]
[PlyCount "95"]
[EventDate "2005.05.27"]
[EventType "swiss"]
[EventRounds "9"]
[EventCountry "USA"]
[SourceTitle "CBM 106 Extra"]
[Source "ChessBase"]
[SourceDate "2005.07.01"]
[SourceVersion "1"]
[SourceVersionDate "2005.07.01"]
[SourceQuality "1"]

1. d4 d5 2. c4 c6 3. cxd5 cxd5 4. Nc3 Nf6 5. Nf3 e6 6. Bf4 Be7 7. e3 0-0 8. h3 a6 9. Bd3 b5 10. a3 Bb7 11. Nd2 Nbd7 12. b4 Nb6 13. Nb3 Nc4 14. Nc5 Bc6 15. 0-0 Re8 16. Qe2 Bxc5 17. bxc5 e5 18. dxe5 Nxe5 19. Rfd1 Qe7 20. Bxe5 Qxe5 21. Qc2 Qg5 22. Bf1 Rac8 23. Ne2 Bd7 24. Nf4 Bf5 25. Bd3 Be4 26. Bxe4 Rxe4 27. Nxd5 Rc4 28. Qd3 Nxd5 29. Qxd5 Qxd5 30. Rxd5 R4xc5 31. Rxc5 Rxc5 32. Rd1 Kf8 33. Rd6 a5 34. Ra6 b4 35. axb4 axb4 36. Rb6 Rc1+ 37. Kh2 Rc4 38. Rb7 g6 39. Kg3 h5 40. h4 Kg7 41. Rb6 Kf8 42. Rb7 Ke8 43. f3 Kf8 44. e4 Kg7 45. Rb6 Rd4 46. Kf4 Rc4 47. Kg3 Kh7 48. Rb7 1/2-1/2

[Event "Star Palmyra op 2nd"]
[Site "Odessa"]
[Date "2004.08.05"]
[Round "2"]
[White "Voicu Jagodzinsky, Carmen"]
[Black "Mokriak, Liudmila"]
[Result "1/2-1/2"]
[WhiteElo "2289"]
[BlackElo "2106"]
[PlyCount "60"]
[EventDate "2004.08.04"]
[EventType "swiss"]
[EventRounds "9"]
[EventCountry "UKR"]
[SourceTitle "EXT 2010"]
[Source "ChessBase"]
[SourceDate "2010.11.25"]
[SourceVersion "1"]
[SourceVersionDate "2010.11.25"]
[SourceQuality "1"]

1. e4 e5 2. Nf3 d6 3. d4 exd4 4. Nxd4 Nf6 5. Nc3 Be7 6. Be2 0-0 7. g4 d5 8. e5 Ne4 9. Nf5 Bxf5 10. gxf5 Bb4 11. Qd3 Qh4 12. 0-0 Bxc3 13. bxc3 Nc6 14. f4 Ne7 15. c4 Nc5 16. Qd4 b6 17. cxd5 Nxf5 18. Qc3 Rad8 19. Bf3 g5 20. fxg5 Nd4 21. Bb2 Rxd5 22. Rad1 Rfd8 23. Bxd5 Ne2+ 24. Kh1 Nxc3 25. Bxf7+ Kg7 26. Rxd8 Qe4+ 27. Kg1 Ne2+ 28. Kf2 Kxf7 29. Re1 Ke7 30. Rh8 Qb4 1/2-1/2

[Event "UKR-ch (Women)"]
[Site "Alushta"]
[Date "2004.05.10"]
[Round "7"]
[White "Karlovich, Anastazia"]
[Black "Mokriak, Liudmila"]
[Result "1-0"]
[WhiteElo "2294"]
[BlackElo "2164"]
[PlyCount "51"]
[EventDate "2004.05.04"]
[EventType "swiss"]
[EventRounds "9"]
[EventCountry "UKR"]
[SourceTitle "CBM 100 Extra"]
[Source "ChessBase"]
[SourceDate "2004.07.06"]
[SourceVersion "2"]
[SourceVersionDate "2004.07.06"]
[SourceQuality "1"]

1. e4 e6 2. d4 d5 3. Nc3 Nf6 4. Bg5 Bb4 5. e5 h6 6. Be3 Ne4 7. Qg4 g5 8. h4 h5 9. hxg5 hxg4 10. Rxh8+ Bf8 11. Nxe4 dxe4 12. Ne2 c5 13. 0-0-0 Nd7 14. Nc3 Qa5 15. dxc5 Ke7 16. Nxe4 Qxa2 17. g6 Qa1+ 18. Kd2 Qa5+ 19. c3 fxg6 20. Rh7+ Kd8 21. Kc1 Qa4 22. Nf6 Be7 23. g3 Qxd1+ 24. Kxd1 Nxe5 25. Ng8 Bf8 26. Bg5+ 1-0

[Event "UKR-ch (Women)"]
[Site "Alushta"]
[Date "2004.05.09"]
[Round "6"]
[White "Mokriak, Liudmila"]
[Black "Goreskul, Alyona"]
[Result "1/2-1/2"]
[WhiteElo "2164"]
[BlackElo "2244"]
[PlyCount "31"]
[EventDate "2004.05.04"]
[EventType "swiss"]
[EventRounds "9"]
[EventCountry "UKR"]
[SourceTitle "CBM 100 Extra"]
[Source "ChessBase"]
[SourceDate "2004.07.06"]
[SourceVersion "2"]
[SourceVersionDate "2004.07.06"]
[SourceQuality "1"]

1. d4 Nf6 2. c4 e6 3. Nc3 Bb4 4. Qc2 b6 5. e4 Bb7 6. Bd3 Bxc3+ 7. bxc3 d6 8. Ne2 Nbd7 9. 0-0 Qe7 10. f4 e5 11. Ng3 h5 12. Nf5 Qf8 13. fxe5 dxe5 14. a4 g6 15. Ba3 Qg8 16. Ne3 1/2-1/2

[Event "UKR-ch U20 Girls"]
[Site "Dnipropetrovsk"]
[Date "2004.02.13"]
[Round "10"]
[White "Areshchenko, Kateryna"]
[Black "Mokriak, Liudmila"]
[Result "1/2-1/2"]
[WhiteElo "2232"]
[BlackElo "2164"]
[PlyCount "50"]
[EventDate "2004.02.06"]
[EventType "tourn"]
[EventRounds "11"]
[EventCountry "UKR"]
[SourceTitle "EXT 2005"]
[Source "ChessBase"]
[SourceDate "2004.11.15"]
[SourceVersion "1"]
[SourceVersionDate "2004.11.15"]
[SourceQuality "1"]

1. e4 e6 2. d4 d5 3. Nd2 c5 4. exd5 exd5 5. Bb5+ Bd7 6. Qe2+ Qe7 7. Bxd7+ Nxd7 8. dxc5 Nxc5 9. Nb3 Qxe2+ 10. Nxe2 Nxb3 11. axb3 Bc5 12. Be3 Bxe3 13. fxe3 Ne7 14. 0-0-0 0-0-0 15. Rd3 Rd6 16. Rf1 f6 17. Rfd1 Re8 18. Nc3 Re6 19. Kd2 a6 20. Re1 Re5 21. Re2 Kc7 22. Ke1 Kc6 23. Kf2 Rf5+ 24. Kg1 Re5 25. Kf2 Rf5+ 1/2-1/2

[Event "UKR-ch U20 Girls"]
[Site "Dnipropetrovsk"]
[Date "2004.02.11"]
[Round "8"]
[White "Moskalets, Svetlana"]
[Black "Mokriak, Liudmila"]
[Result "1/2-1/2"]
[WhiteElo "2151"]
[BlackElo "2164"]
[PlyCount "104"]
[EventDate "2004.02.06"]
[EventType "tourn"]
[EventRounds "11"]
[EventCountry "UKR"]
[SourceTitle "EXT 2005"]
[Source "ChessBase"]
[SourceDate "2004.11.15"]
[SourceVersion "1"]
[SourceVersionDate "2004.11.15"]
[SourceQuality "1"]

1. e4 c5 2. Nf3 d6 3. Bb5+ Bd7 4. Bxd7+ Qxd7 5. c4 e5 6. 0-0 Ne7 7. d3 g6 8. Nc3 Bg7 9. Bg5 f6 10. Bd2 0-0 11. a3 Nbc6 12. Nd5 f5 13. b4 b6 14. Qa4 Nxd5 15. cxd5 Nb8 16. Qb3 Na6 17. Rab1 h6 18. h3 Rf7 19. a4 Raf8 20. Nh2 g5 21. Qd1 Rc8 22. b5 c4 23. bxa6 c3 24. Bxc3 Rxc3 25. a5 bxa5 26. Qd2 Qc8 27. Rb7 Rc2 28. Qxa5 Rxb7 29. axb7 Qxb7 30. Qd8+ Bf8 31. exf5 Rc8 32. Qf6 Qxd5 33. Qg6+ Kh8 34. Ng4 Qg8 35. Qf6+ Bg7 36. Qxd6 Rd8 37. Qc7 Rc8 38. Qxa7 Qf8 39. Qd7 Rd8 40. Qe6 Rd6 41. Qb3 Qxf5 42. Rd1 Kh7 43. Ne3 Qf4 44. Qb1 Rd4 45. Nc2 Rd7 46. Ne1 e4 47. Qb5 Rf7 48. Qc5 Be5 49. g3 Qf6 50. dxe4 Bxg3 51. Qf5+ Qxf5 52. exf5 Be5 1/2-1/2

[Event "UKR-ch sf U20 Girls"]
[Site "Ternopol"]
[Date "2003.12.11"]
[Round "1"]
[White "Aksionova, Tatiana"]
[Black "Mokriak, Liudmila"]
[Result "1-0"]
[WhiteElo "2197"]
[BlackElo "2194"]
[PlyCount "75"]
[EventDate "2003.12.11"]
[EventType "tourn"]
[EventRounds "11"]
[EventCountry "UKR"]
[SourceTitle "EXT 2008"]
[Source "ChessBase"]
[SourceDate "2007.11.25"]
[SourceVersion "1"]
[SourceVersionDate "2007.11.25"]
[SourceQuality "1"]

1. e4 e6 2. d3 d5 3. Nd2 c5 4. Ngf3 Nf6 5. g3 b6 6. Bg2 Bb7 7. e5 Nfd7 8. 0-0 Nc6 9. Re1 Qc7 10. Qe2 Be7 11. Nf1 0-0 12. h4 d4 13. Bf4 Nb4 14. N1h2 Nd5 15. Bg5 Rfe8 16. Bh3 Nf8 17. h5 h6 18. Bxe7 Nxe7 19. Ng4 Nf5 20. Bg2 Nh7 21. Qd2 Bd5 22. Ngh2 Qe7 23. Re2 Rad8 24. Rae1 Rd7 25. g4 Nh4 26. Nxh4 Qxh4 27. Bxd5 Rxd5 28. f4 b5 29. Rg2 c4 30. Nf3 Qe7 31. dxc4 bxc4 32. Nxd4 Red8 33. c3 Qh4 34. Qe2 g5 35. f5 Nf8 36. Nf3 Qh3 37. Qf2 Rd3 38. Rg3 1-0

[Event "UKR-ch (Women)"]
[Site "Nikolaev"]
[Date "2003.11.10"]
[Round "7"]
[White "Gutsko, Anastasiya"]
[Black "Mokriak, Liudmila"]
[Result "1-0"]
[WhiteElo "2203"]
[BlackElo "2199"]
[PlyCount "87"]
[EventDate "2003.11.03"]
[EventType "swiss"]
[EventRounds "9"]
[EventCountry "UKR"]
[SourceTitle "CBM 097 Extra"]
[Source "ChessBase"]
[SourceDate "2004.01.13"]
[SourceVersion "1"]
[SourceVersionDate "2004.01.13"]
[SourceQuality "1"]

1. e4 e6 2. d4 d5 3. Nd2 Nf6 4. e5 Nfd7 5. Bd3 c5 6. c3 Nc6 7. Ne2 cxd4 8. cxd4 f6 9. exf6 Nxf6 10. 0-0 Bd6 11. Nf3 0-0 12. Bg5 Qc7 13. Rc1 Bd7 14. a3 Rae8 15. Qc2 h6 16. Bh4 Qb8 17. Bg3 e5 18. dxe5 Nxe5 19. Nxe5 Bxe5 20. Qb3 b6 21. Nd4 Bxg3 22. hxg3 Qe5 23. Nf3 Qd6 24. Bg6 Rc8 25. Rcd1 Bg4 26. Rd4 Bxf3 27. gxf3 Qe5 28. Rfd1 Kh8 29. Kg2 Qe2 30. Bd3 Qe5 31. Bb1 Rc5 32. Qd3 Rfc8 33. Rf4 R8c7 34. Rh1 Kg8 35. Qg6 Kf8 36. Rxh6 Rf7 37. Rh8+ Ke7 38. Rh7 Kf8 39. Rf5 Qe6 40. Rxg7 Rxg7 41. Rxf6+ Qxf6 42. Qxf6+ Rf7 43. Qd8+ Kg7 44. Ba2 1-0

[Event "UKR-ch (Women)"]
[Site "Alushta"]
[Date "2002.05.07"]
[Round "5"]
[White "Mokriak, Liudmila"]
[Black "Vozovic, Oksana"]
[Result "0-1"]
[WhiteElo "2261"]
[BlackElo "2297"]
[PlyCount "80"]
[EventDate "2002.05.02"]
[EventType "swiss"]
[EventRounds "9"]
[EventCountry "UKR"]
[SourceTitle "EXT 2003"]
[Source "ChessBase"]
[SourceDate "2002.11.25"]
[SourceVersion "1"]
[SourceVersionDate "2002.11.25"]
[SourceQuality "1"]

1. d4 Nf6 2. c4 c5 3. Nf3 cxd4 4. Nxd4 a6 5. Nc3 d5 6. cxd5 Nxd5 7. Bd2 e5 8. Nb3 Nc6 9. e4 Nxc3 10. Bxc3 Qh4 11. Be2 Be7 12. 0-0 0-0 13. Qc2 Be6 14. g3 Qh6 15. Qc1 Qg6 16. f3 Bg5 17. Bd2 Bxd2 18. Qxd2 Bxb3 19. axb3 Rfd8 20. Qe3 Nd4 21. Rac1 Qb6 22. Kf2 Qxb3 23. Qxb3 Nxb3 24. Rc3 Nd4 25. Rc7 b5 26. Rfc1 Kf8 27. Bf1 Rd6 28. Ke3 Rad8 29. Bh3 Nb3 30. R1c3 Nd2 31. f4 b4 32. R3c6 Rd3+ 33. Ke2 exf4 34. Rc8 f3+ 35. Ke1 Nxe4 36. Rxd8+ Rxd8 37. Rc1 g6 38. Bg4 f2+ 39. Ke2 f5 40. Bh3 Rd2+ 0-1